Malaysia : Recent Economic Developments.

This paper describes economic developments in Malaysia during the 1990s. Real output growth strengthened to 8 1\2 percent in 1993 from 7 3/4 percent in the previous year. In contrast to 1992, however, growth in output was driven exclusively by domestic demand, with all components recording stronger...

Полное описание

Библиографические подробности
Соавтор: International Monetary Fund
Формат: Журнал
Язык:English
Опубликовано: Washington, D.C. : International Monetary Fund, 1994.
Серии:IMF Staff Country Reports; Country Report ; No. 1994/004
Online-ссылка:Full text available on IMF
LEADER 01632cas a2200241 a 4500
001 AALejournalIMF004401
008 230101c9999 xx r poo 0 0eng d
020 |c 5.00 USD 
020 |z 9781451828214 
022 |a 1934-7685 
040 |a BD-DhAAL  |c BD-DhAAL 
110 2 |a International Monetary Fund. 
245 1 0 |a Malaysia :   |b Recent Economic Developments. 
264 1 |a Washington, D.C. :  |b International Monetary Fund,  |c 1994. 
300 |a 1 online resource (121 pages) 
490 1 |a IMF Staff Country Reports 
500 |a <strong>Off-Campus Access:</strong> No User ID or Password Required 
500 |a <strong>On-Campus Access:</strong> No User ID or Password Required 
506 |a Electronic access restricted to authorized BRAC University faculty, staff and students 
520 3 |a This paper describes economic developments in Malaysia during the 1990s. Real output growth strengthened to 8 1\2 percent in 1993 from 7 3/4 percent in the previous year. In contrast to 1992, however, growth in output was driven exclusively by domestic demand, with all components recording stronger growth in 1993 than in the previous year. Consumption spending grew by 7 3/4 percent in 1993, up from 2 3/4 percent in 1992. Fuelled by higher real wages and the positive wealth effect of higher equity prices, real private consumption rose by 7 1\2 percent in 1993, compared with 2 1\2 percent in 1992. 
538 |a Mode of access: Internet 
830 0 |a IMF Staff Country Reports; Country Report ;  |v No. 1994/004 
856 4 0 |z Full text available on IMF  |u http://elibrary.imf.org/view/journals/002/1994/004/002.1994.issue-004-en.xml  |z IMF e-Library